| 000 | 00885cam a2200277 i 4500 | ||
|---|---|---|---|
| 001 | 4140902 | ||
| 003 | OSt | ||
| 005 | 20250901165755.0 | ||
| 008 | 780726s1978 mau b 001 0 eng | ||
| 010 | _a 77081483 | ||
| 020 | _a0316920444 | ||
| 040 |
_aDLC _cDLC _dDLC |
||
| 050 | 0 | 0 |
_aRB 37 .W24 1978 _b.W24 1978 |
| 082 | 0 | 0 | _a616.07/5 |
| 100 | 1 |
_aWallach, Jacques B. _q(Jacques Burton), _d1926- |
|
| 245 | 1 | 0 |
_aInterpretation of diagnostic tests : _ba handbook synopsis of laboratory medicine / _cJacques Wallach. |
| 250 | _a3d ed. | ||
| 260 |
_aBoston : _bLittle Brown, _cc1978. |
||
| 300 |
_axxxvii, 639 p. ; _c21 cm. |
||
| 490 | 0 | _aLittle, Brown's paperback book series | |
| 500 | _aIncludes index. | ||
| 504 | _aBibliography: p. 559. | ||
| 650 | 0 |
_aDiagnosis, Laboratory _xHandbooks, manuals, etc. |
|
| 906 |
_a7 _bcbc _corignew _d2 _eopcn _f19 _gy-gencatlg |
||
| 942 |
_2lcc _cBK |
||
| 999 |
_c9074 _d9074 |
||